| 000 | 00772naa a2200181 ar4500 | ||
|---|---|---|---|
| 001 | 5027 | ||
| 005 | 20221127091058.0 | ||
| 008 | 190822s su 001 0|ara d | ||
| 020 | _a)9786039065210غلاف ورقي) | ||
| 082 | 0 | 0 |
_a811.09531 _bس314 |
| 100 | 1 | _aالسبيل، ابراهيم بن محمد. | |
| 245 | 1 | 0 |
_aهمسات حانية : _bصور شعرية بين العامي والفصيح / _cابراهيم بن محمد السبيل. |
| 260 |
_aعنيزة، السعودية : _bمركز صالح بن صالح الاجتماعي، _c2015. |
||
| 300 |
_a241 ص. ؛ _c24 سم. |
||
| 500 | _aيتضمن كشافا. | ||
| 650 | 4 | _aالشعر الشعبي السعودي. | |
| 650 | 4 |
_aالشعر العربي _zالسعودية _xتاريخ _yالعصر الحديث. |
|
| 999 |
_c5025 _d5025 |
||